00614nam a2200193Ia 4500008004100000020001800041082001400059100004000073245002100113250000800134260004200142300002300184500001900207600002000226650002000246942000700266952013000273999001700403240925s9999 xx 000 0 und d a9781486010226 a338.5 HUB aHubbard, R. Glenn; Garnett, Anne M. 0aMicroeconomics 3 a3rd aSingapore:bPearson educationc,2013. a401p.b0fOriginal aIncludes Index aSocial Sciences aSocial Sciences cBK 001040708SSaUITUbUITUd2018-11-24eShahid Book Centerg625.00l0o338.5 HUBpQ12076r2024-09-25 07:16:19w2024-09-25yBK c14575d14575